| 000 | 00613nam a2200193 a 4500 | ||
|---|---|---|---|
| 001 | ASIN1558626026 | ||
| 005 | 20170105102928.0 | ||
| 008 | 131213s2005 xxu eng d | ||
| 020 |
_a1558626026 (unknown binding) _c$0.04 |
||
| 020 | _a9781558626027 (unknown binding) | ||
| 040 | _a0 | ||
| 082 |
_a808.02025 _bWRI 2005 |
||
| 245 | 0 | 4 |
_aThe writers directory 2006 / _cMichelle Kazensky. |
| 260 |
_a[S.l.] : _bSt James Pr, _c2005. |
||
| 300 | _a1 v. (unpaged) | ||
| 700 | 1 | _aKazensky, Michelle. | |
| 856 | 4 | 0 |
_3Amazon.com _uhttp://www.amazon.com/exec/obidos/ASIN/1558626026/chopaconline-20 |
| 942 |
_2ddc _cREF |
||
| 999 |
_c15919 _d15919 |
||